Sankoleyache (Record no. 102186)
[ view plain ]
| 000 -LEADER | |
|---|---|
| fixed length control field | 00592nam a2200205Ia 4500 |
| 003 - CONTROL NUMBER IDENTIFIER | |
| control field | OSt |
| 005 - DATE AND TIME OF LATEST TRANSACTION | |
| control field | 20250618161740.0 |
| 008 - FIXED-LENGTH DATA ELEMENTS--GENERAL INFORMATION | |
| fixed length control field | 210210b1999 xxu||||| |||| 00| 0 eng d |
| 040 ## - CATALOGING SOURCE | |
| Transcribing agency | AL |
| 041 ## - LANGUAGE CODE | |
| Language code of text/sound track or separate title | Kannada |
| 082 ## - DEWEY DECIMAL CLASSIFICATION NUMBER | |
| Classification number | K894.301 MITS |
| 100 ## - MAIN ENTRY--PERSONAL NAME | |
| Personal name | MITRAVINDA KULAKARNI ಮಿತ್ರವಿಂದಾ ಕುಲಕರ್ಣಿ |
| 9 (RLIN) | 151891 |
| 245 ## - TITLE STATEMENT | |
| Title | Sankoleyache |
| Remainder of title | ಸಂಕೋಲೆಯಾಚೆ |
| 260 ## - PUBLICATION, DISTRIBUTION, ETC. | |
| Place of publication, distribution, etc. | Bengaluru |
| Name of publisher, distributor, etc. | Ramanashri Prakashana |
| Date of publication, distribution, etc. | 1999 |
| 300 ## - PHYSICAL DESCRIPTION | |
| Extent | 104 |
| 650 ## - SUBJECT ADDED ENTRY--TOPICAL TERM | |
| Topical term or geographic name entry element | Sanna kategalu |
| 9 (RLIN) | 151892 |
| 690 ## - LOCAL SUBJECT ADDED ENTRY--TOPICAL TERM (OCLC, RLIN) | |
| Topical term or geographic name as entry element | Kannada Fiction |
| 9 (RLIN) | 151893 |
| 906 ## - LOCAL DATA ELEMENT F, LDF (RLIN) | |
| a | 054609 |
| 942 ## - ADDED ENTRY ELEMENTS (KOHA) | |
| Source of classification or shelving scheme | Dewey Decimal Classification |
| Koha item type | Book |
| Withdrawn status | Lost status | Source of classification or shelving scheme | Damaged status | Not for loan | Collection code | Home library | Current library | Shelving location | Date acquired | Cost, normal purchase price | Total Checkouts | Full call number | Barcode | Date last seen | Price effective from | Koha item type |
|---|---|---|---|---|---|---|---|---|---|---|---|---|---|---|---|---|
| Dewey Decimal Classification | Kannada | St Aloysius Library | St Aloysius Library | Stack Section | 02/17/2021 | 50.00 | K894.301 MITS | 054609 | 02/17/2021 | 02/17/2021 | Book | |||||
| Dewey Decimal Classification | Kannada | St Aloysius Library | St Aloysius Library | 02/17/2021 | 50.00 | K894.301 MITS | 054610 | 02/17/2021 | 02/17/2021 | Book |